LEADER 01420nam a2200337 a 4500 001 000000126316 003 CaOOAMICUS 005 20110916104727.0 008 110916s2004 it b u000 u ita r 020 $a88-430-2913-4 040 $aPUL$bita 082 04$a035 100 1 $aKeegan, John.$0(OLS)http://pul/name/80001 240 10$aFirst world war.$lItaliano.$0(OLS)http://pul/title/119244 245 13$aLa prima guerra mondiale :$bUna storia politico-militare /$cJohn Keegan. 260 $aRoma :$bCarocci,$c©2004. 300 $a515 p. :$bc. geogr. ;$c22 cm. 490 1 $aQuality paperbacks ;$v111 504 $aComprende riferimenti bibliografici e indice. 650 4$aGuerra mondiale, 1914-1918.$0(OLS)http://pul/subject/44151 830 0$aQuality paperbacks (Carocci) ;$v111.$0(OLS)http://pul/title/103487 850 $aPUL 852 $aPUL$W1$xDP2 Cons. Gen., Altre Classi 3$y97$m035 COLL 1.111$j145760$qDDC 21$B144577$CPULBib$Z2$F144577 $H116396 $82 941 1 $a9 960 $aGuerra europea, 1914-1918$944151 960 $aPrima guerra mondiale$944151 996 $6020$a88-430-2913-4$9(OLS)http://pul/number/147967 996 $6082$a035$9(OLS)http://pul/classification/471 996 $6245$aLa prima guerra mondiale :$bUna storia politico-militare$9(OLS)http://pul/title/159526 996 $6260$aRoma :$bCarocci$9(OLS)http://pul/publisher/66917 LEADER 01774nam a2200337 a 4500 001 000000175092 003 CaOOAMICUS 005 20220401100533.0 008 220401s2014 it c u000 u ita r 032 $aLibriCat 040 $aPUL$bita$d 245 02$aL'illuminismo delle riforme civili : $bil contributo degli economisti lombardi : Milano, 13-14 dicembre 2011 /$ca cura di Pier Luigi Porta e Roberto Scazzieri. 260 $aMilano :$bIstituto lombardo di scienze e lettere,$c2014. 300 $a487 p. :$b[1] carta di tav. : ritratti$c24 cm 440 0$aIncontro di studio ;$v64 500 $aIn testa al front.: Istituto lombardo Accademia di scienze e lettere. 504 $aBibliografia in nota. 546 $aRelazioni dell'incontro. 650 4$aIlluminismo$xStudi.$0(OLS)http://pul/subject/39460 650 4$aEconomia e societą$zItalia$ySec. XVIII.$0(OLS)http://pul/subject/46584 700 1 $aPorta, Pier Luigi.$0(OLS)http://pul/name/45694 700 1 $aScazzieri, Roberto.$0(OLS)http://pul/name/31228 710 2 $aIstituto lombardo-accademia di scienze e lettere.$0(OLS)http://pul/name/66574 830 0$aIncontro di studio$b(Istituto Lombardo di Scienze e Lettere) ;$v64.$0(OLS)http://pul/title/216494 850 $aPUL 852 $aPUL$W1$xSL Diritto e Scienze Sociali 3$y79$m330 PORPI 1$j199369$qDDC 21$B204067$CPULBib$Z2$F204067 $H135513 $82 941 1 $a9 996 $6245$aL'illuminismo delle riforme civili : $bil contributo degli economisti lombardi : Milano, 13-14 dicembre 2011$9(OLS)http://pul/title/216501 996 $6440$aIncontro di studio$9(OLS)http://pul/title/216500 996 $6260$aMilano :$bIstituto lombardo di scienze e lettere$9(OLS)http://pul/publisher/49515